000 00498nam a2200181Ia 4500
003 GCL
008 140319s9999 xx 000 0 ara d
040 _aGCL /
_cGCL
082 0 4 _aق
_b962.02
_bج م
100 1 _aجاد طه
245 1 0 _aمعالم تاريخ مصرالحديث والمعاصر /
_cجاد طه
260 _a[S.N] :
_bدار الفكر العربى ،
_c1985
300 _a484 ص
490 _a
650 0 4 _aالعصر الحديث
650 0 4 _aمصر
942 _2ddc
_cBK
999 _c52781
_d52781